| 000 | 00600cam a22001937a 4500 | ||
|---|---|---|---|
| 020 | _a9781576874820 (hbk.) | ||
| 020 | _a1576874826 (hbk.) | ||
| 050 | 0 | 0 |
_aRA643.86.A356 _bA84 2009 |
| 100 | 1 | _aAshburn, Kristen. | |
| 245 | 1 | 0 |
_aI am because we are / _cphotographs by Kristen Ashburn ; foreword by Madonna. |
| 250 | _a1st ed. | ||
| 260 |
_aBrooklyn, NY : _bPowerHouse, _c2009. |
||
| 300 | _a179 p. : | ||
| 500 | _aFilm tie-in. | ||
| 650 | 0 |
_xSocial aspects _vPictorial works. |
|
| 650 | 0 |
_xSocial conditions _vPictorial works. |
|
| 650 | 0 |
_xSocial conditions _vPictorial works. |
|
| 942 |
_2lcc _cGEN |
||
| 999 |
_c13233 _d13233 |
||